Liste des Pokémon oiseaux - Statistiques

Statistiques générales
  • Ce quiz a été pris 42 fois
  • Le résultat moyen est 66 sur 86
Statistiques - réponses
N° Pokédex Pokémon % Correct
#0398 Étouraptor
97%
#0396 Étourmi
97%
#0397 Étourvol
97%
#0021 Piafabec
97%
#0022 Rapasdepic
97%
#0018 Roucarnage
97%
#0016 Roucool
97%
#0017 Roucoups
97%
#0144 Artikodin
94%
#0144 Artikodin de Galar
94%
#0145 Électhor
94%
#0145 Électhor de Galar
94%
#0663 Flambusard
94%
#0276 Nirondelle
94%
#0146 Sulfura
94%
#0146 Sulfura de Galar
94%
#0662 Braisillon
91%
#0279 Bekipan
89%
#0277 Hélédelle
89%
#0250 Ho-Oh
89%
#0163 Hoothoot
89%
#0164 Noarfang
89%
#0661 Passerouge
89%
#0823 Corvaillus
86%
#0278 Goélise
86%
#0724 Archéduc
83%
#0724 Archéduc de Hisui
83%
#0722 Brindibou
83%
#0083 Canarticho
83%
#0083 Canarticho de Galar
83%
#0520 Colombeau
83%
#0580 Couaneton
83%
#0521 Déflaisan
83%
#0723 Efflèche
83%
#0581 Lakmécygne
83%
#0519 Poichigeon
83%
#0227 Airmure
80%
#0822 Bleuseille
80%
#0257 Braségali
80%
#0085 Dodrio
80%
#0084 Doduo
80%
#0821 Minisange
80%
#0255 Poussifeu
80%
#0733 Bazoucan
77%
#0256 Galifeu
77%
#0393 Tiplouf
77%
#0630 Vaututrice
77%
#0629 Vostourno
77%
#0334 Altaria
74%
#0628 Gueriaigle
74%
#0628 Gueriaigle de Hisui
74%
#0865 Palarticho
74%
#0395 Pingoléon
74%
#0394 Prinplouf
74%
#0912 Coiffeton
71%
#0627 Furaiglon
71%
#0914 Palmaval
71%
#0732 Piclairon
71%
#0441 Pijako
71%
#0333 Tylton
71%
#0701 Brutalibré
69%
#0913 Canarbello
69%
#0973 Flamenroule
69%
#0177 Natu
69%
#0731 Picassaut
69%
#0741 Plumeline
69%
#0178 Xatu
69%
#0225 Cadoizo
66%
#0198 Cornèbre
66%
#0430 Corboss
63%
#1016 Favianos
63%
#0845 Nigosier
63%
#0717 Yveltal
60%
#0940 Zapétrel
60%
#0055 Akwakwak
57%
#0641 Boréas (Forme Totémique)
57%
#0054 Psykokwak
57%
#0931 Tapatoès
57%
#0941 Fulgulairo
54%
#0962 Lestombaile
54%
#0567 Aéroptéryx
49%
#0566 Arkéapti
49%
#0956 Cléopsytra
49%
#0875 Bekaglaçon
37%
#0991 Hotte-de-Fer
37%
#0682 Fluvetin
26%
Aucun quiz correspondant
Distribution des résultats
% des personnes avec chaque résultat
Percentile par nombre de réponses
Votre historique - résultats
Vous n’avez pas pris ce quiz